| 000 | 02063cam a2200361 i 4500 | ||
|---|---|---|---|
| 999 |
_c9221 _d9221 |
||
| 001 | 20802464 | ||
| 003 | GBCCL | ||
| 005 | 20241126110707.0 | ||
| 008 | 190108s2019 ilu b 001 0 eng | ||
| 010 | _a 2019000335 | ||
| 020 | _a9781433565267 (tp) | ||
| 040 |
_aDLC _beng _cDLC _erda _dDLC |
||
| 042 | _apcc | ||
| 050 | 0 | 0 |
_aBR118 _b.O785 2019 |
| 082 | 0 | 0 |
_a230 _223 _bORT |
| 100 | 1 |
_aOrtlund, Gavin, _d1983- _eauthor. _916037 |
|
| 245 | 1 | 0 |
_aTheological retrieval for evangelicals : _bwhy we need our past to have a future / _cGavin Ortlund. |
| 264 | 1 |
_aWheaton, Illinois : _bCrossway, _c[2019] |
|
| 300 |
_a218 pages ; _c23 cm |
||
| 336 |
_atext _btxt _2rdacontent |
||
| 337 |
_aunmediated _bn _2rdamedia |
||
| 338 |
_avolume _bnc _2rdacarrier |
||
| 504 | _aIncludes bibliographical references and indexes. | ||
| 505 | 0 | _aA manifesto for theological retrieval -- Can evangelicals retrieve patristic and medieval theology? -- Why evangelicals need theological retrieval -- Benefits and perils of theological retrieval -- Case studies in theological retrieval -- Explorations in a theological metaphor: Boethius, Calvin, and Torrance on the creator/creation distinction -- Divine simplicity in patristic and medieval perspective: resourcing a contemporary discussion -- Substitution as both satisfaction and recapitulation: atonement themes in convergence in Irenaeus, Anselm, and Athanasius -- Cultivating skill in the "art of arts:" pastoral balance in Gregory the Great's The book of pastoral rule. | |
| 650 | 0 |
_aTheology _xHistory. _92329 |
|
| 650 | 0 |
_aTheology _xMethodology. _9438 |
|
| 650 | 0 |
_aEvangelicalism. _9178 |
|
| 650 | 0 |
_aReformed Church _xDoctrines. _9618 |
|
| 776 | 0 | 8 |
_iOnline version: _aOrtlund, Gavin, 1983- author. _tTheological retrieval for evangelicals _dWheaton : Crossway, 2019 _z9781433565274 _w(DLC) 2019021797 |
| 906 |
_a7 _bcbc _corignew _d1 _eecip _f20 _gy-gencatlg |
||
| 942 |
_2ddc _cBK |
||